مكتبة جامعة عجلون الوطنية

فهرس بحث المكتبة

التدخلات الإيرانية في الشؤون الداخلية البحرينية: التصريحات الرسمية وشبه الرسمية منذ 14فبراير2011 حتى ديسمبر 2015 (Record no. 27146)

MARC details
000 -LEADER
fixed length control field 00961nam a2200217Ii 4500
003 - CONTROL NUMBER IDENTIFIER
control field JO-AjNU
008 - FIXED-LENGTH DATA ELEMENTS--GENERAL INFORMATION
fixed length control field 230605s9999||||xx |||||||||||||| ||und||
020 ## - INTERNATIONAL STANDARD BOOK NUMBER
International Standard Book Number 978-1-84051-034-8
040 ## - CATALOGING SOURCE
Original cataloging agency JO-AjNU
Language of cataloging ara
Description conventions rda
Transcribing agency JO-AjNU
041 ## - LANGUAGE CODE
Language code of text/sound track or separate title ara
050 14 - LIBRARY OF CONGRESS CALL NUMBER
Classification number DS247 2016
100 3# - MAIN ENTRY--PERSONAL NAME
Personal name إعداد: الحسن، عمر,
Relator term author
9 (RLIN) 53131
245 00 - TITLE STATEMENT
Title التدخلات الإيرانية في الشؤون الداخلية البحرينية: التصريحات الرسمية وشبه الرسمية منذ 14فبراير2011 حتى ديسمبر 2015
250 ## - EDITION STATEMENT
Edition statement ط2/نسخة محدثة
264 31 - PRODUCTION, PUBLICATION, DISTRIBUTION, MANUFACTURE, AND COPYRIGHT NOTICE
Place of production, publication, distribution, manufacture البحرين: مركز الخليج للدراسات الاستراتيجية، 2016
300 ## - PHYSICAL DESCRIPTION
Extent اللغة العربية 152ص؛ اللغة الانجليزية 136ص
336 ## - CONTENT TYPE
Content type term text
Content type code txt
Source rdacontent
337 ## - MEDIA TYPE
Media type term unmediated
Media type code n
Source rdamedia
338 ## - CARRIER TYPE
Carrier type term volume
Carrier type code nc
Source rdacarrier
650 #4 - SUBJECT ADDED ENTRY--TOPICAL TERM
Topical term or geographic name entry element البحرين- تاريخ- شؤون داخلية
9 (RLIN) 53132
Holdings
Withdrawn status Lost status Source of classification or shelving scheme Damaged status Not for loan Home library Current library Shelving location Date acquired Total Checkouts Full call number Barcode Date last seen Price effective from Koha item type
    Library of Congress Classification     مكتبة جامعة عجلون الوطنية مكتبة جامعة عجلون الوطنية المجموعات العامة 06/06/2023   DS247 2016 A23578 06/06/2023 06/06/2023 Books